书目信息 |
| 题名: |
健康心理与人才发展
|
|
| 作者: | 贺淑曼 编著 | |
| 分册: | ||
| 出版信息: | 北京 世界图书出版公司 1999.06 |
|
| 页数: | 339页 | |
| 开本: | 32开 | |
| 丛书名: | ||
| 单 册: | ||
| 中图分类: | C961 | |
| 科图分类: | ||
| 主题词: | 人才--培养 | |
| 电子资源: | ||
| ISBN: | 7-5062-4147-1 | |
| 000 | 00568nam0 2200193 45 | |
| 001 | 0012181636 | |
| 005 | 20001218162844.7 | |
| 010 | @a7-5062-4147-1@d16.00元 | |
| 100 | @a20001218d1999 km y0chiy0120 ea | |
| 101 | 0 | @achi |
| 105 | @a z 000yy | |
| 200 | 1 | @a健康心理与人才发展@AJian Kang Xin Li Yu Ren Cai Fa Zhan@f贺淑曼等编著@FHe Shu Man Deng Bian Zhu |
| 210 | @a北京@c世界图书出版公司@d1999.06 | |
| 215 | @a339页@d32开 | |
| 606 | 0 | @a人才@x培养 |
| 690 | @aC961@v3 | |
| 701 | 0 | @a贺淑曼@4编著 |
| 801 | @aCN@bPftUser@c20001218 | |
| 905 | @b308146-148@dC961@eH513@f3 | |
| 健康心理与人才发展/贺淑曼等编著.-北京:世界图书出版公司,1999.06 |
| 339页;32开 |
| ISBN 7-5062-4147-1:16.00元 |
| ● |
| 相关链接 |
|
|
|
正题名:健康心理与人才发展
索取号:C961/H513
 
预约/预借
| 序号 | 登录号 | 条形码 | 馆藏地/架位号 | 状态 | 备注 |
| 1 | 308146 | 203081468 | 社科库509/509社科库 66排6列3层/ [索取号:C961/H513] | 在馆 | |
| 2 | 308147 | 203081477 | 社科库509/509社科库 66排6列3层/ [索取号:C961/H513] | 在馆 | |
| 3 | 308148 | 203081486 | 社科库509/509社科库 66排6列3层/ [索取号:C961/H513] | 在馆 |